Understanding Financial Statements (Record no. 685)

MARC details
000 -LEADER
fixed length control field 00425nam a22001697a 4500
005 - DATE AND TIME OF LATEST TRANSACTION
control field 20180613160650.0
008 - FIXED-LENGTH DATA ELEMENTS--GENERAL INFORMATION
fixed length control field 160512b xxu||||| |||| 00| 0 eng d
020 ## - INTERNATIONAL STANDARD BOOK NUMBER
ISBN 81-203-2164-2
041 ## - LANGUAGE CODE
Language code of text/sound track or separate title eng
082 ## - DEWEY DECIMAL CLASSIFICATION NUMBER
Item number 1774
Classification number 657.3
100 ## - MAIN ENTRY--AUTHOR NAME
Personal name Frazer, Lyn M. Ormintor, Aillen
245 ## - TITLE STATEMENT
Title Understanding Financial Statements
260 ## - PUBLICATION, DISTRIBUTION, ETC. (IMPRINT)
Place of publication New Delhi
Name of publisher PHI,
Year of publication 2001
300 ## - PHYSICAL DESCRIPTION
Number of Pages 267
650 ## - SUBJECT ADDED ENTRY--TOPICAL TERM
Topical Term Management
942 ## - ADDED ENTRY ELEMENTS (KOHA)
Koha item type Books
Holdings
Lost status Damaged status Collection code Home library Current library Shelving location Date acquired Cost, normal purchase price Full call number Accession Number Koha item type
    MANAGEMENT JRU Library JRU Library SHELF-33-J 12/05/2016 150.00 657.3 1774 Books
    MANAGEMENT JRU Library JRU Library SHELF-33-J 12/05/2016 150.00 657.3 1775 Books
    MANAGEMENT JRU Library JRU Library SHELF-33-J 12/05/2016 150.00 657.3 1776 Books